• 首页
  • 本馆介绍
  • 公告通知
  • 最新文献
  • 馆藏检索
  • 电子资源
  • 读者导购
  • 参考咨询
  • 我的图书馆
  • 登录
  • 详细信息显示
  • 放入我的书架
  • 预约/预借图书
  • 作者相关作品
  • 分类相关作品
  • 丛书相关作品
  • 出版社相关作品

书目信息

  • 表格格式
  • 工作单格式
  • 卡片格式
题名:
幼儿园家长课程理论与实践
    
 
作者: 张爱军 , 周春艳 主编
分册:  
出版信息: 北京   电子工业出版社  2016
页数: 13,283页
开本: 24cm
丛书名:
单 册:
中图分类: G616
科图分类:
主题词: 幼儿园--you er yuan--家长工作(教育)
电子资源:
ISBN: 978-7-121-29930-8
000 00962nam0 22002411 450
001 387903
005 20170502165607.0
010    @a978-7-121-29930-8@dCNY35.00
100    @a20161215d2016 em y0chiy50 ea
101 0  @achi
102    @aCN@b110000
105    @ay z 000yy
106    @ar
200 1  @a幼儿园家长课程理论与实践@9you er yuan jia chang ke cheng li lun yu shi jian@f张爱军,周春艳主编
210    @a北京@c电子工业出版社@d2016
215    @a13,283页@d24cm
330    @a本书从翠成幼儿园的实践出发,依据幼儿园与家长个性需求,幼儿发展的关键期及学习特点及科学育儿方法,在幼儿园“容·融”文化理念引领下,让教师、家长在教育理念和科学育儿途径与方法上达成共识,构建了幼儿园家长课程理论与实践的理论,科学深入地介绍了幼儿园课程。
606 0  @a幼儿园@9you er yuan@x家长工作(教育)
690    @aG616@v5
701  0 @a张爱军@9zhang ai jun@4主编
701  0 @a周春艳@9zhou chun yan@4主编
801  0 @aCN@b百万庄@c20170308
905    @b1004658-63@dG616@e415@f6
    
    幼儿园家长课程理论与实践/张爱军,周春艳主编 .-北京:电子工业出版社,2016
    13,283页;24cm
    
    
    ISBN 978-7-121-29930-8:CNY35.00
    本书从翠成幼儿园的实践出发,依据幼儿园与家长个性需求,幼儿发展的关键期及学习特点及科学育儿方法,在幼儿园“容·融”文化理念引领下,让教师、家长在教育理念和科学育儿途径与方法上达成共识,构建了幼儿园家长课程理论与实践的理论,科学深入地介绍了幼儿园课程。
●
相关链接 在E读中查询图书 在五车中查询图书 在当当中查询图书 在豆瓣中查询图书


正题名:幼儿园家长课程理论与实践     索取号:G616/415         预约/预借

序号 登录号 条形码 馆藏地/架位号 状态 备注
1 1004658   210046582   第一样本阅览室/ [索取号:G616/415] 在馆    
2 1004659   210046591   教育系资料室/ [索取号:G616/415] 在馆    
3 1004660   210046608   教育系资料室/ [索取号:G616/415] 在馆    
4 1004661   210046617   教育系资料室/ [索取号:G616/415] 在馆    
5 1004662   210046626   第四借阅区/ [索取号:G616/415] 在馆    
6 1004663   210046635   第四借阅区/ [索取号:G616/415] 在馆    
唐山师范学院图书馆 欢迎您!
大连网信软件有限公司© 版权所有